HANG TUAH : (Record no. 198233)
[ view plain ]
| 000 -LEADER | |
|---|---|
| fixed length control field | 01193nam a2200325 i 4500 |
| 003 - CONTROL NUMBER IDENTIFIER | |
| control field | OSt |
| 005 - DATE AND TIME OF LATEST TRANSACTION | |
| control field | 20241231150126.0 |
| 008 - FIXED-LENGTH DATA ELEMENTS--GENERAL INFORMATION | |
| fixed length control field | 241231t20232023my ao fr 001 0 may d |
| 020 ## - INTERNATIONAL STANDARD BOOK NUMBER | |
| International Standard Book Number | 9786297590004 |
| Terms of availability | RM60.00 |
| Qualifying information | paperback |
| 040 ## - CATALOGING SOURCE | |
| Original cataloging agency | PPAK |
| Language of cataloging | eng |
| Transcribing agency | PPAK |
| Description conventions | rda |
| 082 04 - DEWEY DECIMAL CLASSIFICATION NUMBER | |
| Edition number | 23 |
| Classification number | 398.22 |
| 090 00 - LOCALLY ASSIGNED LC-TYPE CALL NUMBER (OCLC); LOCAL CALL NUMBER (RLIN) | |
| Classification number (OCLC) (R) ; Classification number, CALL (RLIN) (NR) | 398.22 |
| Feature heading | HAS |
| Feature heading | R |
| 100 0# - MAIN ENTRY--PERSONAL NAME | |
| Personal name | Hashim Musa, Prof. Emeritus, |
| Titles and words associated with a name | Dr., |
| Relator term | author. |
| 245 10 - TITLE STATEMENT | |
| Title | HANG TUAH : |
| Remainder of title | CATATAN KECEMERLANGAN WIRA BANGSA / |
| Statement of responsibility, etc. | HASHIM MUSA & ROHAIDAH KAMARUDDIN |
| 264 #1 - PRODUCTION, PUBLICATION, DISTRIBUTION, MANUFACTURE, AND COPYRIGHT NOTICE | |
| Place of production, publication, distribution, manufacture | Serdang, Selangor : |
| Name of producer, publisher, distributor, manufacturer | Penerbit Universiti Putra Malaysia, |
| Date of production, publication, distribution, manufacture, or copyright notice | 2023 |
| Date of production, publication, distribution, manufacture, or copyright notice | ©2023 |
| 300 ## - PHYSICAL DESCRIPTION | |
| Extent | xiii, 207 pages : |
| Other physical details | colour illustrations, colour photographs ; |
| Dimensions | 24 cm |
| 336 ## - CONTENT TYPE | |
| Content type term | text |
| Source | rdacontent |
| 337 ## - MEDIA TYPE | |
| Media type term | unmediated |
| Source | rdamedia |
| 338 ## - CARRIER TYPE | |
| Carrier type term | volume |
| Source | rdacarrier |
| 500 ## - GENERAL NOTE | |
| General note | Includes index |
| 504 ## - BIBLIOGRAPHY, ETC. NOTE | |
| Bibliography, etc. note | Bibliography: pages 173-176 |
| 600 00 - SUBJECT ADDED ENTRY--PERSONAL NAME | |
| Personal name | Hang Tuah, |
| Dates associated with a name | active 1470 |
| Form subdivision | Legends |
| Personal name | Hang Tuah |
| General subdivision | Legends |
| -- | History and criticism |
| 650 10 - SUBJECT ADDED ENTRY--TOPICAL TERM | |
| Topical term or geographic name entry element | Folk literature, Malay |
| General subdivision | History and criticism |
| Topical term or geographic name entry element | Government publications |
| Geographic subdivision | Malaysia |
| 651 #0 - SUBJECT ADDED ENTRY--GEOGRAPHIC NAME | |
| Geographic name | Melaka |
| General subdivision | History |
| 700 0# - ADDED ENTRY--PERSONAL NAME | |
| Personal name | Rohaidah Kamaruddin, |
| Titles and other words associated with a name | Dr., |
| Relator term | author. |
| 942 ## - ADDED ENTRY ELEMENTS (KOHA) | |
| Source of classification or shelving scheme | Dewey Decimal Classification |
| Koha item type | Book |
| Withdrawn | Not for loan | Current library | Shelving location | Date acquired | Total Checkouts | Full call number | Barcode | Date last seen | Koha item type |
|---|---|---|---|---|---|---|---|---|---|
| Not For Loan | Perpustakaan Alor Setar | Rujukan Dewasa | 09/01/2025 | R 398.22 HAS | A01850957 | 09/01/2025 | Book | ||
| Not For Loan | Perpustakaan Awam Sungai Petani | Rujukan Dewasa | 09/01/2025 | R 398.22 HAS | A01850958 | 09/01/2025 | Book | ||
| Not For Loan | Perpustakaan Baling | Rujukan Dewasa | 09/01/2025 | R 398.22 HAS | A01850961 | 09/01/2025 | Book | ||
| Not For Loan | Perpustakaan Bandar Baharu | Rujukan Dewasa | 09/01/2025 | R 398.22 HAS | A01850962 | 09/01/2025 | Book | ||
| Not For Loan | Perpustakaan Jitra | Rujukan Dewasa | 09/01/2025 | R 398.22 HAS | A01850959 | 09/01/2025 | Book | ||
| Not For Loan | Perpustakaan Kulim | Rujukan Dewasa | 09/01/2025 | R 398.22 HAS | A01850960 | 09/01/2025 | Book | ||
| Not For Loan | Perpustakaan Merbok | Rujukan Dewasa | 09/01/2025 | R 398.22 HAS | A01850963 | 09/01/2025 | Book |